000 00576nam a2200205Ia 4500
005 20250326144452.0
008 250326s9999 xx 000 0 und d
020 _a978-0-145-96462-3
037 _aStandards
040 _aFMSL
_beng
_cFMSL
041 _aeng
_2eng
084 _aX:87 P9
_qFMSL
100 _aDay D V
_9749709
245 0 _aIntegrative approach to leader development
_cDay D V And Others
260 _aLondon
_bLondon, Routeldge
_c2009
300 _a335p
365 _b1899.9749999999999
942 _cTB
_hX:87 P9
999 _c1303809
_d1303809